Vista normal
Vista MARC
Entrada Geographic Name
Número de registros utilizados en: 4
001 - CONTROL NUMBER
- control field: 710
003 - CONTROL NUMBER IDENTIFIER
- control field: OSt
005 - DATE AND TIME OF LATEST TRANSACTION
- control field: 20230403165136.0
008 - FIXED-LENGTH DATA ELEMENTS
- fixed length control field: 230403|| aca||aabn | a|a d
040 ## - CATALOGING SOURCE
- Original cataloging agency: OSt
- Transcribing agency: OSt
151 ## - HEADING--GEOGRAPHIC NAME
- Geographic name: Colombia
- General subdivision: Constitución
- General subdivision: Literatura infantil
- Form subdivision: Cartillas
670 ## - SOURCE DATA FOUND
- Source citation: Work cat.: (OSt)0: Colombia Corte Constitucional 705, Guardianes de la Constitución al rescate del artículo 44